| 000 | 00991nam a2200193 u 4500 | ||
|---|---|---|---|
| 001 | 000307078 | ||
| 003 | AM-YeHGA | ||
| 005 | 20250617130229.0 | ||
| 008 | 040210s1984 ai r 000 0 arm d | ||
| 040 | _aAM-YeHGA | ||
| 041 | 0 | _aarm | |
| 100 | 1 | _aՍարգսյան, Միխայիլ Արամի. | |
| 245 | 1 | 0 |
_aՀեռուստամեխանիկա : _bՈւս. ձեռնարկ / _cՄ.Ա.Սարգսյան; ՀՍՍՀ բարձրագույն և միջն. մասնագիտ. կրթ. մին-թյուն. Երևանի Կ. Մարքսի անվ. պոլիտեխն. ին-տ. Ավտոմատիկայի և հեռուստամեխ. ամբիոն. |
| 260 |
_aԵրևան : _bԱ. հ, _c1984. |
||
| 300 |
_a102 էջ : _bաղս. |
||
| 650 | 1 | 4 |
_aՀեռուստատեսություն _vՈւսումնական ձեռնարկ |
| 710 | 2 |
_aԵրևանի Կ. Մարքսի անվան պոլիտեխնիկական ինստիտուտ _bԱվտոմատիկայի և հեռուստամեխանիկայի ամբիոն |
|
| 090 | _c114601 | ||
| 999 |
_c113262 _d113262 |
||